Statistiques concernant Villes de la Région Pokémon de Kanto sur la Carte

Cliquez ici pour prendre le quiz!

Statistiques générales

  • Ce quiz a été pris 461 fois
  • Le résultat moyen est 9 sur 11

Réponses sur la Carte

Les réponses sont colorées sur une échelle allant du rouge au vert en fonction du pourcentage des utilisateurs qui les ont devinées à leur premier essai. Vous pouvez retrouver ces pourcentages ci-dessous.
Chargement ...
 

Statistiques - réponses

Réponse% Correct
Bourg Palette
91%
Plateau Indigo
89%
Cramois'Île
88%
Azuria/Céruléan
86%
Jadielle
86%
Argenta
85%
Lavanville
79%
Céladopole
77%
Carmin sur Mer
71%
Parmanie
69%
Safrania
61%

Distribution des résultats

Percentile par nombre de réponses

% des personnes avec chaque résultat

Votre développement - résultats

Vous n’avez pas pris ce quiz